Smosh Word Scramble Easy - Statistics

General Stats
  • This quiz has been taken 113 times
  • The average score is 4 of 20
Answer Stats
Hint Answer % Correct
nia Ian
99%
befe n og Beef n Go
45%
'nasi mmo Ian's Mom
40%
lbwo uct Bowl Cut
36%
dofo tlabet Food Battle
30%
healcir the urndk aengiu gpi Charlie the Drunk Guinea Pig
18%
ytohnan ddoipal Anthony Padildo
16%
onidx rcdei Dixon Cider
16%
nobamx Boxman
14%
vetise Stevie
14%
nnnoac sniep Cannon Penis
13%
hatt madn gierbonh That Damn Neighbor
13%
cigam byrdkoae Magic Keyboard
11%
eeoigntrplt tfa ygu Teleporting Fat Guy
11%
rearbb hosp leop Barber Shop Pole
10%
redmanips Manspider
10%
boafi Fabio
5%
rziadl rasibe Lizard Rabies
4%
uesrp dhae elpeorsd Super Head Esploder
2%
het blifealr The Fireball
2%
No matching quizzes found
Score Distribution
Percent of People with Each Score
Percentile by Number Answered
Your Score History
You have not taken this quiz